| 000 | 00760nas a2200241 4500 | ||
|---|---|---|---|
| 001 | BR9501125 | ||
| 003 | BR-BrBNA | ||
| 005 | 20231205094254.0 | ||
| 007 | ta | ||
| 008 | 230509b bl.|||p| |||| 00| 00por d | ||
| 040 |
_aBR-BrBNA _bpor _cBiblioteca Nacional de Agricultura |
||
| 041 | _a(Pt) | ||
| 072 | _aL53 | ||
| 100 | 1 | _aTavares, E.F. | |
| 100 | 1 | _aGodinho, H.P. | |
| 245 | 1 | _aCiclo reprodutivo do peixe piau-gordura (Leporinus piau Fowler, 1941)da represa de Tres Marias, rio Sao Francisco | |
| 650 | _aPiau | ||
| 650 | _aReproducao Animal | ||
| 650 | _aCondicao Ambiental | ||
| 773 | 0 |
_tRevista Ceres (Brazil) _xISSN 0034-737X _g(Jan-Feb 1994), v. 41(233) p. 28-35 _wBR9501125 |
|
| 909 |
_a202311 _bLúcia _c55 _dLúcia Elande |
||
| 942 |
_2AGRIS _n0 _cANA |
||
| 999 |
_c143242 _d143242 |
||